Geldanamycin analog 17-DMAG inhibits iNOS and caspases in gamma-irradiated human T cells /

Bewaard in:
Bibliografische gegevens
Hoofdauteur: Kiang, Juliann G.
Andere auteurs: Agravante, Neil G., Smith, Joan T.
Formaat: Artikel
Taal:English
Onderwerpen:
INO
Tags: Voeg label toe
Geen labels, Wees de eerste die dit record labelt!
Thư viện lưu trữ: Thư viện Trường Đại học Đà Lạt
LEADER 00942nam a2200313 4500
001 DLU110117792
005 ##20101221
040 # # |a DLU  |b eng 
041 # # |a eng 
044 # # |a us  
100 # # |a Kiang, Juliann G. 
245 # # |a Geldanamycin analog 17-DMAG inhibits iNOS and caspases in gamma-irradiated human T cells /  |c Juliann G. Kiang, Joan T. Smith, Neil G. Agravante. 
653 # # |a Geldanamycin 
653 # # |a INO  
653 # # |a INO expression 
653 # # |a Radiation 
653 # # |a Radiation injury 
700 # # |a Agravante, Neil G. 
700 # # |a Smith, Joan T. 
773 # # |t Radiation Research  |g Vol. 172, no. 3 (September 2009), p. 321-330 
920 # # |a  Phòng Tạp chí -- Trung tâm Thông tin - Thư viện Trường Đại học Đà Lạt 
994 # # |a DLU 
900 # # |a True 
911 # # |a Trương Bảo Trâm Anh 
925 # # |a G 
926 # # |a A 
927 # # |a BB 
980 # # |a Thư viện Trường Đại học Đà Lạt